Longs métrages Ghibli par personnages - Statistiques

Statistiques générales
  • Ce quiz a été pris 456 fois
  • Le résultat moyen est 8 sur 20
Statistiques - réponses
Personnages Films % Correct
Mei Kusakabe, Chat-bus, Kanta Mon voisin Totoro
96%
Haku, Yubaba, Sans-Visage Le Voyage de Chihiro
95%
Sophie, Hauru, Calcifer Le Château ambulant
83%
Ashitaka, San, Moro Princesse Mononoké
68%
Marco Pagot, Donald Curtis, Fio Piccolo Porco Rosso
63%
Pazu, Sheeta, Dora Le Château dans le ciel
61%
Jiji, Tombo, Osono Kiki la petite sorcière
59%
Gran Mamare, Sôsuke, Fujimoto Ponyo sur la falaise
45%
Haru Yoshioka, Baron Humbert von Gikkingen, Loon Le Royaume des chats
32%
Arren, Therru, Aranéide Les Contes de Terremer
30%
Seita, Setsuko, Gosaku Le Tombeau des lucioles
28%
Mahito Maki, Natsuko, Kiriko Le Garçon et le Héron
27%
Shun Kazama, Umi Matsuzaki, Shirō Mizunuma La Colline aux coquelicots
22%
Jirō Horikoshi, Nahoko Satomi, Castorp Le vent se lève
21%
Anna Sasaki, Sayaka, Hisako Souvenirs de Marnie
20%
Shizuku Tsukishima, Seiji Amasawa, Yuko Harada Si tu tends l'oreille
17%
Shokichi, Okiyo, Gonta Pompoko
15%
Spiller, Niya, Shô Arrietty : Le Petit Monde des Chapardeurs
13%
Sutemaru, Okina, Dame Sagami Le Conte de la princesse Kaguya
8%
Noboru, Nonoko, Takashi Mes voisins les Yamada
6%
Aucun quiz correspondant
Distribution des résultats
% des personnes avec chaque résultat
Percentile par nombre de réponses
Votre historique - résultats
Vous n’avez pas pris ce quiz